| 000 | 00000cam 2200000zi 4500 |
| 001 | 9.942626 |
| 003 | CaOODSP |
| 005 | 20251229074511 |
| 006 | m o d f |
| 007 | cr mn||||||||| |
| 008 | 240829e20240829onc ob f000 0 eng d |
| 040 | |aCaOODSP|beng|erda|cCaOODSP |
| 043 | |an-cn--- |
| 086 | 1 |aH113-25/2024-9E-PDF |
| 245 | 00|aDidecyl dimethyl ammonium chloride (DDAC), Acticide DDQ 50-E. |
| 264 | 1|aOttawa, Ontario : |bHealth Canada = Santé Canada, |c29 August 2024. |
| 264 | 4|c©2024 |
| 300 | |a1 online resource (6 pages). |
| 336 | |atext|btxt|2rdacontent |
| 337 | |acomputer|bc|2rdamedia |
| 338 | |aonline resource|bcr|2rdacarrier |
| 490 | 1 |aRegistration decision, |x1925-0940 ; |vRD2024-09 |
| 500 | |aIssued also in French under title: Chlorure de didécyldiméthylammonium (CDDA), Acticide DDQ 50-E. |
| 500 | |a"This document is published by the Health Canada Pest Management Regulatory Agency." |
| 504 | |aIncludes bibliographical references. |
| 650 | 0|aPesticides|xCertification|zCanada. |
| 650 | 0|aPesticides|xRisk assessment|zCanada. |
| 650 | 0|aPesticides|xHealth aspects. |
| 650 | 0|aPesticides|xEnvironmental aspects. |
| 710 | 1 |aCanada. |bPest Management Regulatory Agency, |eissuing body. |
| 775 | 08|tChlorure de didécyldiméthylammonium (CDDA), Acticide DDQ 50-E.|w(CaOODSP)9.942627 |
| 830 | #0|aRegistration decision ;|vRD2024-09.|w(CaOODSP)9.505184 |
| 856 | 40|qPDF|s137 KB|uhttps://publications.gc.ca/collections/collection_2024/sc-hc/h113-25/H113-25-2024-9-eng.pdf |
| 856 | 4 |qHTML|sN/A|uhttps://www.canada.ca/en/health-canada/services/consumer-product-safety/reports-publications/pesticides-pest-management/decisions-updates/registration-decision/2024/didecyl-dimethyl-ammonium-chloride.html |